000 00673nam a22002177a 4500
999 _c11834
_d11834
003 AR-CdUCM
008 190405b ||||| |||| 00| 0 spa d
040 _aMUNICIPALIDAD PROVINCIAL DEL CUSCO
_cBIBLIOTECA MUNICIPAL DEL CUSCO
082 _aC / 869.56 /
_bN56
100 _aNieto, Luis
_911864
245 _aTupac Amaru :
_bBandera de Libertad /
260 _aCusco :
_bKuntur.
300 _aXVI, 42 páginas ;
_c16 cm.
440 _aCuadernos de arte y Literatura.
_n2
_929399
505 _aContenido: Poemas.
650 _aLiteratura Peruana
_9132
650 _aSiglo XX
_98
650 _aPoemas Cusqueños
_917375
942 _2ddc
_cLIBROS
945 _aachl
_d2019-04-05